Điêu tàn tác phẩm và dư luận

שמור ב:
מידע ביבליוגרפי
פורמט: ספר
שפה:Undetermined
יצא לאור: H. Văn Học 2002
נושאים:
תגים: הוספת תג
אין תגיות, היה/י הראשונ/ה לתייג את הרשומה!
Thư viện lưu trữ: Trung tâm Học liệu Trường Đại học Cần Thơ
LEADER 00459nam a2200169Ia 4500
001 CTU_54265
008 210402s9999 xx 000 0 und d
020 |b 30000 
082 |a 895.922109 
082 |b Đ309 
245 0 |a Điêu tàn tác phẩm và dư luận 
260 |a H. 
260 |b Văn Học 
260 |c 2002 
650 |a vietnamese poetry 
650 |x history and criticism 
980 |a Trung tâm Học liệu Trường Đại học Cần Thơ